000 01166nam a22002297a 4500
999 _c61201
_d61201
005 20240108101657.0
008 240108s2004 ru ||||| |||| 00| 0 rus d
020 _a5953302193
041 _arus
080 _a726.82(100) C-81
245 _aСто великих некрополей /
_cАвтор-составитель Надежда Алексеевна Ионина; Главный редактор С.Н. Дмитриев.
264 _aМ. :
_bВече,
_c2004.
300 _a480 с. :
_b ил. ;
_c22 см.
653 _aცნობილი სასაფლაოები
653 _aსაკულტო ნაგებობები
653 _aისტორიული ნაგებობები
653 _aკრემატორიუმები და საფლავები.
653 _aმავზოლეუმები, საფლავები,
700 _aИонина, Надежда Алексеевна
_eავტორი, შემდგენელი.
_920947
700 _aДмитриев, С.Н.
_e მთავარი რედაქტორი
_920948
942 _2udc
_cᲬᲘᲒᲜᲘ